| 000 | 00914nam a2200265 a 4500 | ||
|---|---|---|---|
| 001 | 66340 | ||
| 003 | BD-RjUL | ||
| 005 | 20211209081527.0 | ||
| 008 | 170315s1955 enk||||| |||| 001 0 eng d | ||
| 035 | _a(BD-RjUL)66470 | ||
| 040 |
_aBD-RjUL _beng _cBD-RjUL |
||
| 041 | _aeng | ||
| 082 |
_223 _a153.93 _bTEM 1955 |
||
| 100 |
_aTerman, Lewis M. _9196339 |
||
| 245 |
_aMeasuring intelligence : _ba guide to the administration of the new revised Stanford-Binet tests of intelligence / _cLewis M. Terman & Maud A. Merrill |
||
| 260 |
_aLondon : _bGeorgwe G. Harrap and company ltd., _c1937 [reprint 1955] |
||
| 300 |
_a460 p. : _bill. ; _c19 cm. |
||
| 500 | _aIncludes index. | ||
| 650 |
_aEducational tests and measurements _9181266 |
||
| 650 |
_aStanford-Binet Test _9196340 |
||
| 650 |
_aMental tests _9196341 |
||
| 650 |
_aIntelligence tests _9196281 |
||
| 700 |
_aMerrill, Maud A. _9196342 |
||
| 942 |
_2ddc _cBK |
||
| 999 |
_c66340 _d66340 |
||